Las estructuras agrarias Pueblos de indios y propiedades privadas /

Detalles Bibliográficos
Autor principal: Escobar Ohmstede, Antonio
Formato: eBook
Lenguaje:español
Publicado: [Mx̌ico] : Nostra Ediciones, 2010.
Materias:
Acceso en línea:Acceso restringido

MARC

LEADER 00000nam a22000007a 4500
005 20110831121210.0
008 110831t2010 mx ||||s|||| 00| 0 spa d
020 |a 978-607-7603-48-1 
035 |a 5512 
040 |a vLex 
090 |c 2317  |d 2317 
100 1 |a Escobar Ohmstede, Antonio 
245 1 4 |a Las estructuras agrarias  |b Pueblos de indios y propiedades privadas /  |c Antonio Escobar Ohmstede   |h [Recurso electrn̤ico] : 
256 |a Servicio en ln̕ea. 
260 |a [Mx̌ico] :  |b Nostra Ediciones,  |c 2010. 
500 |a Con el correr del tiempo, los distintos esquemas de propiedad y control agrc̕ola, as ̕como de distribucin̤ de tierras, han mutado constantemente en armazones sociales –ejidos, ranchos y haciendas, entre otros- que han procurado establecer una manera efectiva para aprovechar la tierra pero que, a la postre, han estado limitadas por las circunstancia polt̕ica y tecnolg̤ica de la Historia (a quien por supuesto tambiň han determinado). Desde la Colonia hasta nuestros da̕s el campo ha detonado un sinfn̕ de procesos clave; entender tanto su historia como sus problemas de raz̕ es mirar el pasado y el futuro de nuestro pas̕.  
506 1 |a Contenido solo disponible en los productos indicados  |d vLex Global  |d vLex Global (Academic Edition, excluding Law Schools)  |d vLex Global (U.S. Academic Edition, Law Schools)  |d vLex Global (U.S. Academic Edition, excluding Law Schools)  |d vLex Global (Academic Edition, Law Schools) 
650 0 4 |a Indios de Amřica  |z Mx̌ico 
650 0 4 |a Propiedad privada  |z Mx̌ico 
740 0 |a vLex Libros (Servicio en ln̕ea) 
856 4 0 |u http://vlex.com/source/estructuras-agrarias-pueblos-indios-propiedades-privadas-5512  |z Acceso restringido 
942 |c BOOK